[Event "EU-chT (Women) 25th"]
[Site "Batumi"]
[Date "2025.10.14"]
[Round "9.36"]
[White "Gueci, Tea"]
[Black "Sivanandan, Bodhana"]
[Result "1/2-1/2"]
[WhiteElo "2175"]
[BlackElo "2205"]
[PlyCount "74"]
[EventDate "2025.10.05"]
[EventType "team-swiss"]
[EventRounds "9"]
[EventCountry "GEO"]
[SourceTitle "CB42_2025"]
[SourceDate "2025.10.15"]
[SourceVersion "1"]
[SourceVersionDate "2025.10.15"]
[SourceQuality "1"]
[WhiteTeam "Italy (W)"]
[BlackTeam "England (W)"]
[WhiteTeamCountry "ITA"]
[BlackTeamCountry "ENG"]

1. e4 e5 2. Nf3 Nf6 3. d4 Nxe4 4. Bd3 d5 5. Nxe5 Nd7 6. Nc3 Nxe5 7. dxe5 Bb4 8. 0-0 Nxc3 9. bxc3 Bxc3 10. Rb1 0-0 11. Bxh7+ Kxh7 12. Qd3+ Kg8 13. Qxc3 a5 14. f4 Bf5 15. Ba3 Re8 16. Rxb7 d4 17. Qc5 Be4 18. Rxc7 Rc8 19. Rxc8 Qxc8 20. Qxd4 Qxc2 21. Qb2 Qd3 22. Bc5 Rc8 23. Rc1 Qd5 24. Be3 Rxc1+ 25. Qxc1 Bxg2 26. Qd2 Qxd2 27. Bxd2 Bd5 28. Bxa5 Bxa2 29. Kf2 f6 30. Ke3 fxe5 31. fxe5 Kf7 32. Kf4 Ke6 33. Bc3 g6 34. Kg5 Bb1 35. h4 Bc2 36. h5 gxh5 37. Kxh5 Bd3 1/2-1/2

[Event "EU-chT (Women) 25th"]
[Site "Batumi"]
[Date "2025.10.13"]
[Round "8.36"]
[White "Sivanandan, Bodhana"]
[Black "Lomaia, Diana"]
[Result "1-0"]
[WhiteElo "2205"]
[BlackElo "2071"]
[PlyCount "101"]
[EventDate "2025.10.05"]
[EventType "team-swiss"]
[EventRounds "9"]
[EventCountry "GEO"]
[SourceTitle "CB42_2025"]
[SourceDate "2025.10.15"]
[SourceVersion "1"]
[SourceVersionDate "2025.10.15"]
[SourceQuality "1"]
[WhiteTeam "England (W)"]
[BlackTeam "Georgia (W) III"]
[WhiteTeamCountry "ENG"]
[BlackTeamCountry "GEO"]

1. e4 e5 2. Nf3 Nc6 3. Nc3 Nf6 4. d4 exd4 5. Nxd4 Bb4 6. Nxc6 bxc6 7. Bd3 d5 8. exd5 cxd5 9. 0-0 0-0 10. h3 c6 11. Qf3 Re8 12. Bf4 Bd6 13. Rfe1 Be6 14. Ne2 a5 15. Rad1 Qc7 16. Qg3 Bxf4 17. Nxf4 Qb8 18. b3 a4 19. Re2 Bd7 20. Rde1 Qb4 21. c3 Qa5 22. b4 Qb6 23. a3 Rxe2 24. Rxe2 Re8 25. Rxe8+ Bxe8 26. Ne2 c5 27. Qe3 d4 28. bxc5 Qxc5 29. cxd4 Qd6 30. Ng3 Bd7 31. Bf5 Bc6 32. Bc2 Qd5 33. f3 g6 34. Nf5 gxf5 35. Qg5+ Kf8 36. Qxf6 Bd7 37. Kh2 Ke8 38. Qe5+ Qe6 39. Kg3 Kf8 40. Qxe6 fxe6 41. Kf4 Ke7 42. Ke5 Bc6 43. Bd3 h6 44. Bc4 f4 45. Bxe6 Bb5 46. d5 Bf1 47. d6+ Kd8 48. Kxf4 Bxg2 49. Kg4 Bf1 50. Kh5 Be2 51. Bg4 1-0

[Event "Abu Dhabi op 31st"]
[Site "Abu Dhabi"]
[Date "2025.08.24"]
[Round "9"]
[White "Abdulrahman Mohammad, Al Taher"]
[Black "Sivanandan, Bodhana"]
[Result "1/2-1/2"]
[WhiteElo "2244"]
[BlackElo "2216"]
[PlyCount "75"]
[EventDate "2025.08.15"]
[EventType "swiss"]
[EventRounds "9"]
[EventCountry "UAE"]
[SourceTitle "CB37_2025"]
[SourceDate "2025.09.10"]
[SourceVersion "1"]
[SourceVersionDate "2025.09.10"]
[SourceQuality "1"]

1. d4 d5 2. c4 c6 3. Nf3 Nf6 4. Nc3 e6 5. e3 Nbd7 6. Qc2 Bd6 7. Bd3 0-0 8. 0-0 dxc4 9. Bxc4 b5 10. Bd3 Bb7 11. e4 e5 12. dxe5 Nxe5 13. Nxe5 Bxe5 14. h3 Re8 15. Be3 a6 16. f4 Bxc3 17. bxc3 c5 18. e5 c4 19. Be2 Be4 20. Qc1 Nd5 21. Bd4 f6 22. exf6 Nxf6 23. Bf3 Qd6 24. Be5 Qb6+ 25. Kh2 Rad8 26. Bxe4 Nxe4 27. Qe1 Qc6 28. Qh4 Rd2 29. Qg4 Qg6 30. Qxg6 hxg6 31. a4 Re7 32. axb5 axb5 33. Rfb1 Rb7 34. Ra5 Rd5 35. Ra8+ Kf7 36. Rc8 Rd3 37. Rc1 Rd5 38. Rb1 1/2-1/2

[Event "Abu Dhabi op 31st"]
[Site "Abu Dhabi"]
[Date "2025.08.20"]
[Round "6"]
[White "Sivanandan, Bodhana"]
[Black "Tissir, Mohamed"]
[Result "1/2-1/2"]
[WhiteElo "2216"]
[BlackElo "2309"]
[PlyCount "77"]
[EventDate "2025.08.15"]
[EventType "swiss"]
[EventRounds "9"]
[EventCountry "UAE"]
[SourceTitle "CB37_2025"]
[SourceDate "2025.09.10"]
[SourceVersion "1"]
[SourceVersionDate "2025.09.10"]
[SourceQuality "1"]

1. e4 c5 2. Nf3 d6 3. Bb5+ Nd7 4. 0-0 a6 5. Bxd7+ Bxd7 6. d4 cxd4 7. Qxd4 e5 8. Qd3 h6 9. a4 Nf6 10. c4 Rc8 11. Nc3 Be7 12. b3 0-0 13. Ba3 Be6 14. Rfd1 Qa5 15. Qd2 Kh8 16. Nh4 Rfd8 17. Nf5 Nxe4 18. Nxe4 Qxd2 19. Rxd2 Bxf5 20. Nxd6 Bxd6 21. Bxd6 Rc6 22. Rad1 Bc2 23. Rxc2 Rcxd6 24. Rxd6 Rxd6 25. Kf1 Rd3 26. Rb2 f5 27. a5 Kg8 28. Ke2 e4 29. b4 Rc3 30. b5 Rxc4 31. bxa6 bxa6 32. Rb6 Ra4 33. Rxa6 f4 34. Ra8+ Kf7 35. a6 Ra2+ 36. Ke1 Ra1+ 37. Ke2 Ra2+ 38. Ke1 Ra1+ 39. Ke2 1/2-1/2

[Event "Abu Dhabi op 31st"]
[Site "Abu Dhabi"]
[Date "2025.08.19"]
[Round "5"]
[White "Advaitt, Srikant Koduri"]
[Black "Sivanandan, Bodhana"]
[Result "1/2-1/2"]
[WhiteElo "2281"]
[BlackElo "2216"]
[PlyCount "72"]
[EventDate "2025.08.15"]
[EventType "swiss"]
[EventRounds "9"]
[EventCountry "UAE"]
[SourceTitle "CB37_2025"]
[SourceDate "2025.09.10"]
[SourceVersion "1"]
[SourceVersionDate "2025.09.10"]
[SourceQuality "1"]

1. d4 d5 2. Nf3 Nf6 3. Bf4 c5 4. c3 Nc6 5. e3 Qb6 6. Qc2 g6 7. h3 Bf5 8. dxc5 Qxc5 9. Qb3 Na5 10. Qb5+ Qxb5 11. Bxb5+ Bd7 12. a4 a6 13. Be2 Bg7 14. Nbd2 Rc8 15. Ne5 h5 16. 0-0 Be6 17. Bf3 0-0 18. Rfd1 Rfd8 19. b4 Nc6 20. Nb3 Nxe5 21. Bxe5 Ne4 22. Bxg7 Kxg7 23. Bxe4 dxe4 24. Nc5 Bd5 25. a5 e6 26. Rd4 e5 27. Rd2 Bc6 28. Rad1 Rxd2 29. Rxd2 Kf8 30. h4 Ke7 31. c4 f5 32. g3 Rf8 33. Rb2 Kd6 34. Rd2+ Ke7 35. Rb2 Kd6 36. Rd2+ Ke7 1/2-1/2

[Event "Abu Dhabi op 31st"]
[Site "Abu Dhabi"]
[Date "2025.08.17"]
[Round "3"]
[White "Sivanandan, Bodhana"]
[Black "Noy, Eyal"]
[Result "1/2-1/2"]
[WhiteElo "2216"]
[BlackElo "2308"]
[PlyCount "186"]
[EventDate "2025.08.15"]
[EventType "swiss"]
[EventRounds "9"]
[EventCountry "UAE"]
[SourceTitle "CB37_2025"]
[SourceDate "2025.09.10"]
[SourceVersion "1"]
[SourceVersionDate "2025.09.10"]
[SourceQuality "1"]

1. e4 c5 2. Nf3 d6 3. Bb5+ Nd7 4. 0-0 a6 5. Bxd7+ Bxd7 6. d4 cxd4 7. Qxd4 e5 8. Qd3 Rc8 9. a4 Qc7 10. Nc3 Qc4 11. Rd1 Be6 12. Be3 Nf6 13. h3 h6 14. Nd2 Qc6 15. Qe2 Be7 16. Qf3 g5 17. Qe2 d5 18. Nf3 dxe4 19. Nxe5 Qc7 20. Bd4 0-0 21. Ng4 Nxg4 22. hxg4 Qf4 23. Nxe4 Bxg4 24. f3 Bf5 25. Re1 Rfe8 26. c3 Rc6 27. Qe3 Qc7 28. Qf2 Kf8 29. Re2 Re6 30. Rae1 h5 31. Ng3 Rxe2 32. Rxe2 Bg6 33. Qe1 f6 34. Ne4 Qc6 35. a5 f5 36. Nd2 Bd6 37. Rxe8+ Bxe8 38. Qe2 Bf7 39. Qd3 Qd5 40. b4 Bf4 41. Nf1 Be6 42. Ne3 Qd7 43. Qe2 h4 44. Nf1 Kf7 45. Kf2 Qc7 46. Qd3 Kg6 47. Qe2 Qc6 48. Ne3 Bg3+ 49. Kg1 Bf7 50. Qd3 Qe6 51. Kf1 Be8 52. c4 Bd7 53. Bc3 Qe7 54. Nd5 Qf7 55. Qd4 Be6 56. Nb6 Bc7 57. Nd5 Bd6 58. Ne3 Be7 59. Qd3 Kh6 60. Qd4 Bf8 61. Qh8+ Kg6 62. Qd4 Bg7 63. Qd3 Qd7 64. Qxd7 Bxd7 65. Bd2 Be6 66. Nd5 Be5 67. f4 Bxd5 68. cxd5 Bxf4 69. Bxf4 gxf4 70. Kf2 Kf6 71. Kf3 Ke5 72. d6 Kxd6 73. Kxf4 Ke6 74. Kg5 h3 75. gxh3 Ke5 76. h4 f4 77. h5 f3 78. h6 f2 79. h7 f1Q 80. h8Q+ Kd5 81. Qg8+ Kc6 82. Qc8+ Kb5 83. Qxb7+ Ka4 84. Qb6 Qb5+ 85. Qxb5+ Kxb5 86. Kf4 Kxb4 87. Ke3 Kxa5 88. Kd2 Kb4 89. Kc2 a5 90. Kb2 a4 91. Ka2 a3 92. Kb1 Kb3 93. Ka1 a2 1/2-1/2

[Event "GBR-ch 111th"]
[Site "Liverpool"]
[Date "2025.08.04"]
[Round "3"]
[White "Sivanandan, Bodhana"]
[Black "Clarke, Brandon GI"]
[Result "0-1"]
[WhiteElo "2216"]
[BlackElo "2491"]
[PlyCount "164"]
[EventDate "2025.08.02"]
[EventType "swiss"]
[EventRounds "9"]
[EventCountry "ENG"]
[SourceTitle "CB33_2025"]
[SourceDate "2025.08.13"]
[SourceVersion "1"]
[SourceVersionDate "2025.08.13"]
[SourceQuality "1"]

1. e4 c5 2. Nf3 Nc6 3. Bb5 g6 4. 0-0 Bg7 5. c3 e5 6. d4 cxd4 7. cxd4 exd4 8. Bf4 a6 9. Ba4 Nge7 10. Bd6 b5 11. Bb3 Bb7 12. e5 Nf5 13. Re1 Nxd6 14. exd6+ Kf8 15. Nbd2 f5 16. Bd5 Qb8 17. Nb3 Qxd6 18. Bxc6 Bxc6 19. Nfxd4 Be4 20. Ne2 Qxd1 21. Raxd1 Ra7 22. Rd2 Kf7 23. Red1 Bc6 24. Ned4 Ba8 25. Ne2 Rd8 26. Nc5 Ke7 27. b3 d6 28. Nd3 a5 29. Ndf4 Rc7 30. Nd5+ Bxd5 31. Rxd5 Rc5 32. Kf1 Rd7 33. Ke1 Be5 34. h3 Ke6 35. R5d3 b4 36. Re3 Kf7 37. Red3 Rc2 38. R1d2 Rxd2 39. Kxd2 d5 40. Ke3 Ke6 41. Rd1 Kd6 42. Rc1 Rd8 43. f3 Re8 44. Kd3 f4 45. Rc2 g5 46. Rc1 Bf6 47. Kd2 h5 48. Rc2 Be5 49. Kd1 Rg8 50. Rd2 Rc8 51. Rc2 Ra8 52. Nc1 Bd4 53. Nd3 Re8 54. Re2 Be3 55. Rc2 Rg8 56. Re2 g4 57. fxg4 hxg4 58. hxg4 Rxg4 59. Ne1 Rg8 60. Rc2 Bd4 61. Nf3 Bc3 62. Rf2 Rh8 63. Rf1 Re8 64. Rf2 Rh8 65. Rf1 Ke6 66. Ke2 Kf5 67. Rd1 Re8+ 68. Kf2 Rd8 69. Ke2 Kg4 70. Kf2 Rd6 71. Nh2+ Kf5 72. Nf3 Rd7 73. Ke2 Bf6 74. Rc1 Rg7 75. Kf2 Bc3 76. Rh1 Ke4 77. Rh6 a4 78. Re6+ Kd3 79. Rd6 a3 80. Rxd5+ Kc2 81. Ne5 Rg5 82. Kf3 Rxe5 0-1

[Event "WchT Blitz Pool C"]
[Site "London"]
[Date "2025.06.14"]
[Round "10.4"]
[White "Sivanandan, Bodhana"]
[Black "Keneshbekov, Elim"]
[Result "1-0"]
[WhiteElo "2109"]
[BlackElo "1883"]
[PlyCount "52"]
[EventDate "2025.06.14"]
[EventType "team-tourn"]
[EventRounds "13"]
[EventCountry "ENG"]
[SourceTitle "CB25_2025"]
[SourceDate "2025.06.18"]
[SourceVersion "1"]
[SourceVersionDate "2025.06.18"]
[SourceQuality "1"]
[WhiteTeam "e-therapeutics"]
[BlackTeam "KYR Youth"]
[WhiteTeamCountry "ENG"]
[BlackTeamCountry "KGZ"]

1. e4 c5 2. Nf3 d6 3. Bb5+ Bd7 4. Bxd7+ Qxd7 5. c4 Nc6 6. Nc3 e5 7. d3 g6 8. Nd5 Bg7 9. Be3 Nge7 10. Nxe7 Qxe7 11. Nd2 0-0 12. 0-0 f5 13. f3 Nd4 14. Bxd4 exd4 15. f4 Rae8 16. Qf3 Qd7 17. Rae1 b5 18. exf5 Rxe1 19. Rxe1 Rxf5 20. b3 b4 21. Qa8+ Rf8 22. Qd5+ Kh8 23. g3 Bf6 24. Qe6 Qd8 25. Ne4 Kg7 26. Nxd6 h6 1-0

[Event "WchT Rapid"]
[Site "London"]
[Date "2025.06.13"]
[Round "10.4"]
[White "Camacho Collados, Marcos"]
[Black "Sivanandan, Bodhana"]
[Result "1-0"]
[WhiteElo "2365"]
[BlackElo "2052"]
[PlyCount "101"]
[EventDate "2025.06.11"]
[EventType "team-swiss"]
[EventRounds "12"]
[EventCountry "ENG"]
[SourceTitle "CB25_2025"]
[SourceDate "2025.06.18"]
[SourceVersion "1"]
[SourceVersionDate "2025.06.18"]
[SourceQuality "1"]
[WhiteTeam "Duobeniajan Costa Calida"]
[BlackTeam "e-therapeutics"]
[WhiteTeamCountry "ESP"]
[BlackTeamCountry "ENG"]

1. d4 d5 2. Nf3 Nf6 3. c3 c6 4. Bg5 Bf5 5. Nbd2 Nbd7 6. Nh4 Bg6 7. Nxg6 hxg6 8. g3 e6 9. Bg2 Bd6 10. e4 dxe4 11. Nxe4 Be7 12. Nxf6+ Nxf6 13. 0-0 0-0 14. c4 Qc7 15. Qe2 Rad8 16. Rfd1 Rd7 17. Bf4 Bd6 18. Be3 Rfd8 19. Rab1 c5 20. dxc5 Bxc5 21. Rxd7 Rxd7 22. Bxc5 Qxc5 23. b4 Qd4 24. Bf3 b6 25. a4 Qc3 26. Rb2 Rd4 27. a5 Qxc4 28. a6 Qxe2 29. Bxe2 Nd5 30. b5 Nc3 31. Bf3 Rd3 32. Kg2 Kf8 33. Rb3 e5 34. Be4 Rd4 35. Rxc3 Rxe4 36. Rc7 Rb4 37. Rxa7 Rxb5 38. Rb7 Ke8 39. a7 Ra5 40. Rb8+ Kd7 41. a8Q Rxa8 42. Rxa8 b5 43. Rf8 f6 44. Kf3 Kc6 45. Ke4 Kc5 46. Rc8+ Kb4 47. Rc7 Ka3 48. Rxg7 b4 49. Rxg6 b3 50. Rxf6 b2 51. Rb6 1-0

[Event "WchT Rapid"]
[Site "London"]
[Date "2025.06.12"]
[Round "7.5"]
[White "Sovetbekova, Nurai"]
[Black "Sivanandan, Bodhana"]
[Result "0-1"]
[WhiteElo "1867"]
[BlackElo "2052"]
[PlyCount "102"]
[EventDate "2025.06.11"]
[EventType "team-swiss"]
[EventRounds "12"]
[EventCountry "ENG"]
[SourceTitle "CB25_2025"]
[SourceDate "2025.06.18"]
[SourceVersion "1"]
[SourceVersionDate "2025.06.18"]
[SourceQuality "1"]
[WhiteTeam "Kyrgyzstan Noval Group"]
[BlackTeam "e-therapeutics"]
[WhiteTeamCountry "KGZ"]
[BlackTeamCountry "ENG"]

1. d4 d5 2. Bf4 c5 3. e3 Nc6 4. c3 Nf6 5. Nd2 cxd4 6. exd4 Bf5 7. Qb3 Qc8 8. Be2 e6 9. Ngf3 Be7 10. h3 0-0 11. 0-0 Ne4 12. Nxe4 Bxe4 13. Qd1 Qd7 14. Bd3 Bxd3 15. Qxd3 h6 16. Rfe1 Bd6 17. Ne5 Bxe5 18. dxe5 Ne7 19. Rad1 Rac8 20. Qe3 a6 21. Rd3 Kh7 22. Qd2 Qb5 23. Qc2 Kh8 24. Qd2 Kh7 25. Be3 Nf5 26. Bd4 Rc4 27. b3 Rc7 28. Rf3 Rfc8 29. g4 Nxd4 30. Qxd4 Qa5 31. Ree3 Qxa2 32. g5 Qxb3 33. gxh6 gxh6 34. Qh4 Rg8+ 35. Kh2 Qc4 36. Qh5 Rg6 37. Rg3 a5 38. Ref3 Qe4 39. Rf6 a4 40. Rgf3 Kg7 41. R6f4 Qb1 42. Rg4 a3 43. Qh4 Kh7 44. Qd8 Rxg4 45. hxg4 Qe4 46. Qf6 a2 47. g5 Qg6 48. Qd8 a1Q 49. Qxc7 Qh5+ 50. Rh3 Qxg5 51. Qxf7+ Qg7 0-1

[Event "EU-ch (Women) 25th"]
[Site "Rhodes"]
[Date "2025.04.11"]
[Round "11"]
[White "Sivanandan, Bodhana"]
[Black "Terbe, Zsuzsanna"]
[Result "1/2-1/2"]
[WhiteElo "2073"]
[BlackElo "2192"]
[PlyCount "119"]
[EventDate "2025.03.31"]
[EventType "swiss"]
[EventRounds "11"]
[EventCountry "GRE"]
[SourceTitle "CB16_2025"]
[SourceDate "2025.04.16"]
[SourceVersion "1"]
[SourceVersionDate "2025.04.16"]
[SourceQuality "1"]

1. e4 c5 2. Nf3 Nc6 3. Bb5 g6 4. 0-0 Bg7 5. c3 e5 6. d4 cxd4 7. cxd4 exd4 8. Bf4 a6 9. Bc4 d6 10. h3 Nge7 11. Nbd2 0-0 12. Bd5 b5 13. Nb3 Bb7 14. Bxc6 Nxc6 15. Re1 Re8 16. Rc1 h6 17. Qd2 Kh7 18. Rcd1 Qf6 19. Bg3 Rac8 20. Bh4 g5 21. Bg3 Qg6 22. Nbxd4 Nxd4 23. Nxd4 Rxe4 24. Rxe4 Bxe4 25. b3 Qf6 26. Qa5 Rc5 27. Ne2 Qb2 28. Qe1 d5 29. f3 Bc2 30. Rd2 d4 31. Bf2 Rd5 32. Ng3 Re5 33. Qf1 d3 34. Qxd3+ Bxd3 35. Rxb2 b4 36. Rd2 Bb1 37. Nh5 Bf8 38. Nf6+ Kg6 39. Nd7 Re8 40. Nxf8+ Rxf8 41. Bc5 Rc8 42. Bxb4 Rc2 43. Rd6+ Kh7 44. a3 Ba2 45. Rxa6 Bxb3 46. Rd6 Ra2 47. Rd4 Kg6 48. h4 Be6 49. Kh2 Ra1 50. Kg3 Ra2 51. hxg5 hxg5 52. Be7 Rc2 53. Bb4 Ra2 54. Rd8 f5 55. Rd6 Kf7 56. Rd2 Rxd2 57. Bxd2 g4 58. fxg4 fxg4 59. Kf4 Bd5 60. g3 1/2-1/2

[Event "EU-ch (Women) 25th"]
[Site "Rhodes"]
[Date "2025.04.09"]
[Round "9"]
[White "Sivanandan, Bodhana"]
[Black "Schloffer, Jasmin Denise"]
[Result "1/2-1/2"]
[WhiteElo "2073"]
[BlackElo "2188"]
[PlyCount "116"]
[EventDate "2025.03.31"]
[EventType "swiss"]
[EventRounds "11"]
[EventCountry "GRE"]
[SourceTitle "CB16_2025"]
[SourceDate "2025.04.16"]
[SourceVersion "1"]
[SourceVersionDate "2025.04.16"]
[SourceQuality "1"]

1. e4 c6 2. d4 d5 3. Nd2 dxe4 4. Nxe4 Nf6 5. Nxf6+ exf6 6. c3 Bd6 7. Bd3 0-0 8. Ne2 Re8 9. 0-0 Nd7 10. Ng3 g6 11. Bh6 Nf8 12. Qd2 Ne6 13. Rfe1 Bd7 14. Re2 f5 15. Bc4 b5 16. Bb3 Qc7 17. Rae1 Nf4 18. Rxe8+ Rxe8 19. Rxe8+ Bxe8 20. h3 Bd7 21. Ne2 Ne6 22. d5 cxd5 23. Bxd5 Bh2+ 24. Kh1 Be5 25. a3 a6 26. Bxe6 fxe6 27. Be3 Bc6 28. Kg1 Qd6 29. Qxd6 Bxd6 30. f4 e5 31. fxe5 Bxe5 32. Kf2 Kf7 33. g3 Be4 34. Bd4 Bd6 35. Ke3 Bb7 36. h4 h6 37. Kf2 g5 38. hxg5 hxg5 39. Nc1 Ke6 40. Nd3 Kd5 41. b3 a5 42. Be3 Be7 43. Ke2 Bc8 44. b4 axb4 45. axb4 Bf6 46. Bd2 Kc4 47. Nb2+ Kb3 48. Nd1 Bb7 49. Be1 Be4 50. Bd2 Bc2 51. Ne3 Bxc3 52. Nxc2 Kxc2 53. Bxg5 Bxb4 54. Kf3 Bc3 55. Be7 Kd3 56. Kf4 Be1 57. Bd6 b4 58. Bxb4 Bxb4 1/2-1/2

[Event "EU-ch (Women) 25th"]
[Site "Rhodes"]
[Date "2025.04.05"]
[Round "6"]
[White "Khurtsilava, Inga"]
[Black "Sivanandan, Bodhana"]
[Result "1/2-1/2"]
[WhiteElo "2214"]
[BlackElo "2073"]
[PlyCount "122"]
[EventDate "2025.03.31"]
[EventType "swiss"]
[EventRounds "11"]
[EventCountry "GRE"]
[SourceTitle "CB16_2025"]
[SourceDate "2025.04.16"]
[SourceVersion "1"]
[SourceVersionDate "2025.04.16"]
[SourceQuality "1"]

1. d4 d5 2. Nf3 Nf6 3. e3 c6 4. Bd3 Bg4 5. h3 Bh5 6. g4 Bg6 7. Ne5 e6 8. Nd2 Nbd7 9. Nxg6 hxg6 10. g5 Ng8 11. f4 Bd6 12. c4 Bb4 13. Qb3 Qb6 14. Qc2 Ne7 15. a3 Bxd2+ 16. Bxd2 c5 17. cxd5 cxd4 18. exd4 Nxd5 19. Qa4 a6 20. 0-0-0 Qd6 21. Kb1 0-0-0 22. Ba5 Rde8 23. Be4 Kb8 24. Qb3 Rc8 25. Ka1 Ka7 26. Rhf1 N7b6 27. Bxb6+ Nxb6 28. Rf3 Rhd8 29. Rf2 Rc4 30. Qf3 Nd5 31. h4 Qb6 32. Rfd2 Qc7 33. Kb1 Qd7 34. Qb3 Rc6 35. Qf3 Rd6 36. h5 gxh5 37. Bxd5 exd5 38. f5 g6 39. Rf2 Re8 40. Rc1 Rc6 41. Rc5 Rxc5 42. dxc5 Qe7 43. Rc2 Qe4 44. Qb3 Rc8 45. Qb6+ Ka8 46. fxg6 fxg6 47. b4 d4 48. Qd6 d3 49. Rb2 d2+ 50. Ka1 Qe1+ 51. Rb1 Qc1 52. Ka2 Qc2+ 53. Ka1 h4 54. Qd7 Rf8 55. c6 bxc6 56. a4 Qxa4+ 57. Kb2 Qxb4+ 58. Kc2 Qc4+ 59. Kb2 Rb8+ 60. Ka3 Rxb1 61. Qa7+ Kxa7 1/2-1/2

[Event "EU-ch (Women) 25th"]
[Site "Rhodes"]
[Date "2025.04.03"]
[Round "4"]
[White "Gaboyan, Susanna"]
[Black "Sivanandan, Bodhana"]
[Result "1-0"]
[WhiteElo "2200"]
[BlackElo "2073"]
[PlyCount "109"]
[EventDate "2025.03.31"]
[EventType "swiss"]
[EventRounds "11"]
[EventCountry "GRE"]
[SourceTitle "CB16_2025"]
[SourceDate "2025.04.16"]
[SourceVersion "1"]
[SourceVersionDate "2025.04.16"]
[SourceQuality "1"]

1. e4 e5 2. Nf3 Nf6 3. Nxe5 d6 4. Nf3 Nxe4 5. Nc3 Nxc3 6. dxc3 Be7 7. Be3 0-0 8. Qd2 Nd7 9. 0-0-0 Nf6 10. Bd3 Be6 11. Nd4 Qd7 12. Kb1 a6 13. Rde1 c5 14. Nxe6 fxe6 15. Bg5 Rae8 16. Qe3 e5 17. Bxf6 Rxf6 18. Qe4 g6 19. h4 Bf8 20. h5 d5 21. Qh4 Qg7 22. hxg6 hxg6 23. c4 Rf4 24. Qg3 Rf6 25. cxd5 Bd6 26. Be4 Kf7 27. Rh3 Rf4 28. f3 Kf6 29. Reh1 Rg8 30. Rh7 Qf8 31. Qh3 Qc8 32. Qxc8 Rxc8 33. g3 Rxe4 34. fxe4 b5 35. Rh8 Rc7 36. R1h7 Be7 37. Ra8 c4 38. Rxa6+ Kg5 39. Re6 Bd8 40. Rxc7 Bxc7 41. d6 Bd8 42. d7 b4 43. a4 bxa3 44. bxa3 Kh5 45. a4 g5 46. Rxe5 Kg4 47. Re8 Bc7 48. e5 Kxg3 49. e6 g4 50. e7 Kg2 51. d8Q Bxd8 52. exd8Q g3 53. Qd2+ Kh3 54. Rg8 Kh4 55. Qh6# 1-0

[Event "EU-ch (Women) 25th"]
[Site "Rhodes"]
[Date "2025.03.31"]
[Round "1"]
[White "Savina, Anastasia"]
[Black "Sivanandan, Bodhana"]
[Result "1-0"]
[WhiteElo "2331"]
[BlackElo "2073"]
[PlyCount "141"]
[EventDate "2025.03.31"]
[EventType "swiss"]
[EventRounds "11"]
[EventCountry "GRE"]
[SourceTitle "CB16_2025"]
[SourceDate "2025.04.16"]
[SourceVersion "1"]
[SourceVersionDate "2025.04.16"]
[SourceQuality "1"]

1. d4 d5 2. c4 c6 3. Nf3 Nf6 4. Nc3 e6 5. e3 Nbd7 6. Qc2 Bd6 7. Bd3 0-0 8. 0-0 dxc4 9. Bxc4 b5 10. Bd3 Bb7 11. e4 e5 12. Bg5 h6 13. Bh4 Re8 14. Rad1 Qe7 15. Kh1 Rad8 16. dxe5 Bxe5 17. Nxe5 Nxe5 18. f4 Nxd3 19. Rxd3 Rxd3 20. Qxd3 b4 21. Bxf6 gxf6 22. Na4 Qxe4 23. Qxe4 Rxe4 24. Nc5 Re7 25. f5 Bc8 26. g4 Re5 27. Rc1 Rd5 28. Kg2 Kg7 29. Rc2 h5 30. h3 hxg4 31. hxg4 a5 32. Kf3 Bd7 33. Ke4 Bc8 34. a3 bxa3 35. bxa3 Kf8 36. Kf4 Rd4+ 37. Kf3 Rd5 38. Kf4 Rd4+ 39. Kf3 Rd5 40. Rc3 Bd7 41. Nxd7+ Rxd7 42. Rxc6 Kg7 43. Ke4 Rd1 44. Rc5 Kh6 45. Rxa5 Kg5 46. a4 Kxg4 47. Rc5 Ra1 48. a5 Ra4+ 49. Kd3 Kf3 50. Kc3 Ke3 51. Kb3 Ra1 52. Kc4 Ke4 53. Kb5 Kd4 54. Kb6 Rb1+ 55. Rb5 Rc1 56. a6 Rc8 57. a7 Re8 58. Ra5 Ke4 59. Rc5 Kd4 60. Rb5 Kc4 61. Ra5 Kd4 62. a8Q Rxa8 63. Rxa8 Ke4 64. Ra5 Kf4 65. Kc6 Kg5 66. Kd6 Kh6 67. Ke7 Kg7 68. Ra1 Kh7 69. Kxf6 Kh8 70. Kxf7 Kh7 71. Rh1# 1-0

[Event "British Rapidplay"]
[Site "Peterborough"]
[Date "2025.03.02"]
[Round "8"]
[White "Sivanandan, Bodhana"]
[Black "Southcott Moyers, Indy"]
[Result "1/2-1/2"]
[WhiteElo "2073"]
[BlackElo "2227"]
[PlyCount "135"]
[EventDate "2025.03.01"]
[EventType "swiss (rapid)"]
[EventRounds "11"]
[EventCountry "ENG"]
[SourceTitle "CB10_2025"]
[SourceDate "2025.03.05"]
[SourceVersion "1"]
[SourceVersionDate "2025.03.05"]
[SourceQuality "1"]

1. e4 c6 2. Nc3 d5 3. Nf3 dxe4 4. Nxe4 Nf6 5. Qe2 Nxe4 6. Qxe4 Nd7 7. Bc4 Nf6 8. Ne5 e6 9. Qe2 b5 10. Bb3 Qc7 11. 0-0 Bd6 12. d4 0-0 13. Bf4 Bb7 14. Bg3 a5 15. c3 Ba6 16. Rfe1 Rfe8 17. Rad1 Rad8 18. Bc2 c5 19. dxc5 Qxc5 20. Nd3 Qc7 21. Qe3 Bb7 22. Bxd6 Rxd6 23. Qc5 Qxc5 24. Nxc5 Rxd1 25. Rxd1 Bd5 26. Bb3 Rc8 27. Bxd5 Nxd5 28. Nb3 g6 29. g3 b4 30. cxb4 axb4 31. Kg2 Ra8 32. Ra1 Nb6 33. a3 Nc4 34. axb4 Rb8 35. Na5 Rxb4 36. Nxc4 Rxc4 37. b3 Rb4 38. Rb1 Kf8 39. Kf3 Ke7 40. Ke3 Kd6 41. Kd3 Kc5 42. Kc3 Re4 43. Rb2 h5 44. Ra2 Kb6 45. h4 f6 46. Rd2 Kc6 47. Kb2 g5 48. hxg5 fxg5 49. Ka3 h4 50. gxh4 gxh4 51. Rd8 Rf4 52. Rh8 Rxf2 53. Rxh4 e5 54. Rc4+ Kd5 55. Rc8 e4 56. b4 Rf7 57. b5 Re7 58. Kb4 e3 59. Rd8+ Ke4 60. Rd1 e2 61. Re1 Kd3 62. b6 Kd2 63. Rxe2+ Kxe2 64. Kc5 Kd3 65. Kd6 Rh7 66. Kc6 Kc4 67. b7 Rxb7 68. Kxb7 1/2-1/2

[Event "British Rapidplay"]
[Site "Peterborough"]
[Date "2025.03.02"]
[Round "9"]
[White "Vaidyanathan, Adithya"]
[Black "Sivanandan, Bodhana"]
[Result "1-0"]
[WhiteElo "2037"]
[BlackElo "2073"]
[PlyCount "119"]
[EventDate "2025.03.01"]
[EventType "swiss (rapid)"]
[EventRounds "11"]
[EventCountry "ENG"]
[SourceTitle "CB10_2025"]
[SourceDate "2025.03.05"]
[SourceVersion "1"]
[SourceVersionDate "2025.03.05"]
[SourceQuality "1"]

1. d4 d5 2. Nf3 Nf6 3. c4 c6 4. Nc3 e6 5. Bg5 Nbd7 6. e3 Qa5 7. cxd5 Nxd5 8. Qd2 Bb4 9. Rc1 Nxc3 10. bxc3 Ba3 11. Rb1 b6 12. c4 Qxd2+ 13. Nxd2 Be7 14. Bxe7 Kxe7 15. Be2 c5 16. d5 Bb7 17. e4 Rad8 18. 0-0 Rhe8 19. f4 Kf8 20. Bf3 e5 21. g3 Nf6 22. Rbe1 Ba6 23. Re3 Rd7 24. Ra3 Bc8 25. Bd1 exf4 26. Ba4 fxg3 27. hxg3 Nxe4 28. Nxe4 Rxe4 29. Bxd7 Bxd7 30. Rxa7 Ke7 31. Rb1 Rxc4 32. Rxb6 Rd4 33. Rbb7 Rxd5 34. a4 Ke6 35. a5 Rd1+ 36. Kf2 c4 37. Rc7 Bb5 38. Rab7 Rd5 39. a6 Bxa6 40. Rc6+ Rd6 41. Rxd6+ Kxd6 42. Rb6+ Ke5 43. Rxa6 f5 44. Ke3 h5 45. Ra5+ Kf6 46. Rc5 Kg5 47. Rxc4 g6 48. Kf3 Kf6 49. Rc6+ Kg5 50. Ra6 Kh6 51. Kf4 h4 52. gxh4 Kh5 53. Rb6 Kxh4 54. Rxg6 Kh5 55. Kxf5 Kh4 56. Rg8 Kh3 57. Kf4 Kh2 58. Kf3 Kh1 59. Kf2 Kh2 60. Rh8# 1-0